000 00277nam a22001217a 4500
003 OSt
008 250213b |||||||| |||| 00| 0 eng d
041 _aeng
100 _aGupta, KN
_97137
245 _aPump Servicing and Maintenance
700 _aKaishish, JP
_97138
942 _cBK
999 _c19370
_d19370